Indian journal of fertilisers (Record no. 43619)
[ view plain ]
| 000 -LEADER | |
|---|---|
| fixed length control field | 00363nam a22001217a 4500 |
| 008 - FIXED-LENGTH DATA ELEMENTS--GENERAL INFORMATION | |
| fixed length control field | 230615b |||||||| |||| 00| 0 eng d |
| 022 ## - INTERNATIONAL STANDARD SERIAL NUMBER | |
| International Standard Serial Number | 0973-1822 |
| 040 ## - CATALOGING SOURCE | |
| Original cataloging agency | National Science Library |
| Transcribing agency | National Science Library |
| 245 ## - TITLE STATEMENT | |
| Title | Indian journal of fertilisers |
| 260 ## - PUBLICATION, DISTRIBUTION, ETC. | |
| Place of publication, distribution, etc. | New Delhi: |
| Name of publisher, distributor, etc. | The Fertiliser Association of India, |
| Date of publication, distribution, etc. | 2005 |
| 310 ## - CURRENT PUBLICATION FREQUENCY | |
| Current publication frequency | Monthly |
| 942 ## - ADDED ENTRY ELEMENTS (KOHA) | |
| Koha item type | Continuing Resources |
| Withdrawn status | Lost status | Materials specified (bound volume or other part) | Damaged status | Not for loan | Home library | Current library | Shelving location | Date acquired | Total Checkouts | Barcode | Date last seen | Price effective from | Koha item type |
|---|---|---|---|---|---|---|---|---|---|---|---|---|---|
| Vol. 1 (1-6), 2005 | National Science Library | National Science Library | FF/Rk-10/C-11/R-2 | 06/12/2013 | 246286 | 15/06/2023 | 06/12/2013 | Continuing Resources | |||||
| Vol. 1 (7,9-12), 2005 | National Science Library | National Science Library | FF/Rk-10/C-11/R-2 | 06/12/2013 | 246287 | 15/06/2023 | 06/12/2013 | Continuing Resources | |||||
| Vol. 2 (1-2,4-6), 2006 | National Science Library | National Science Library | FF/Rk-10/C-11/R-2 | 06/12/2013 | 246288 | 15/06/2023 | 06/12/2013 | Continuing Resources | |||||
| Vol. 2 (7-12), 2006 | National Science Library | National Science Library | FF/Rk-10/C-11/R-2 | 06/12/2013 | 246289 | 15/06/2023 | 06/12/2013 | Continuing Resources | |||||
| Vol. 3 (1-6), 2007 | National Science Library | National Science Library | FF/Rk-10/C-11/R-2 | 06/12/2013 | 246290 | 15/06/2023 | 06/12/2013 | Continuing Resources | |||||
| Vol. 4 (1-6), 2008 | National Science Library | National Science Library | FF/Rk-10/C-11/R-2 | 06/12/2013 | 246291 | 15/06/2023 | 06/12/2013 | Continuing Resources | |||||
| Vol. 4 (7-12), 2008 | National Science Library | National Science Library | FF/Rk-10/C-11/R-2 | 06/12/2013 | 246292 | 15/06/2023 | 06/12/2013 | Continuing Resources | |||||
| Vol. 5 (1-6), 2009 | National Science Library | National Science Library | FF/Rk-10/C-11/R-2 | 06/12/2013 | 246293 | 15/06/2023 | 06/12/2013 | Continuing Resources | |||||
| Vol. 5 (7-12), 2009 | National Science Library | National Science Library | FF/Rk-10/C-11/R-2 | 06/12/2013 | 246294 | 15/06/2023 | 06/12/2013 | Continuing Resources | |||||
| Vol. 6 (1-6), 2010 | National Science Library | National Science Library | FF/Rk-10/C-11/R-2 | 06/12/2013 | 246295 | 15/06/2023 | 06/12/2013 | Continuing Resources | |||||
| Vol. 6 (7-12), 2010 | National Science Library | National Science Library | FF/Rk-10/C-11/R-2 | 05/12/2013 | 246296 | 15/06/2023 | 05/12/2013 | Continuing Resources | |||||
| Vol. 7 (7-12), 2011 | National Science Library | National Science Library | FF/Rk-10/C-11/R-2 | 06/12/2013 | 246298 | 15/06/2023 | 06/12/2013 | Continuing Resources | |||||
| Vol. 7 (1-6), 2011 | National Science Library | National Science Library | FF/Rk-10/C-11/R-2 | 06/12/2013 | 246297 | 15/06/2023 | 06/12/2013 | Continuing Resources | |||||
| Vol. 8 (1-6), 2012 | National Science Library | National Science Library | FF/Rk-10/C-11/R-2 | 15/06/2015 | 253494 | 15/06/2023 | 15/06/2015 | Continuing Resources | |||||
| Vol. 8 (7-12), 2012 | National Science Library | National Science Library | FF/Rk-10/C-11/R-2 | 15/06/2015 | 253495 | 15/06/2023 | 15/06/2015 | Continuing Resources | |||||
| Vol. 9 (1-7), 2013 | National Science Library | National Science Library | FF/Rk-10/C-11/R-2 | 15/06/2015 | 253496 | 15/06/2023 | 15/06/2015 | Continuing Resources |